Le goût de l'autre (Record no. 14063)

MARC details
010 ## - Numéro international normalisé du livre (ISBN)
ISBN 9782493307163
Disponibilité et/ou prix 14 EUR
099 ## - Visibilité opac
notice masquée en opac Non
100 ## - Données générales de traitement
Données générales de traitement 20260313d2026 m y0frey50 ba
101 0# - Langue de la ressource
Langue du texte, de la bande son, etc. français
102 ## - Pays de publication ou de production
Pays de publication France
200 1# - Titre et mention de responsabilité
Titre propre Le goût de l'autre
Indication générale du type de document
Complément du titre théâtre
214 #0 - Mentions de production, publication, diffusion et manufacture
Date de publication 2026
215 ## - Description physique
Nombre de pages 1 vol. (77 p.)
225 1# - Collection
Titre de la collection Quartett
330 ## - Résumé ou extrait
Texte de la note « Le goût de l’autre » de Shiho Kasahara est une pièce de théâtre en un acte qui explore, à travers les interactions sensorielles et quotidiennes d’un duo « ELLE » et « LUI », les séquelles invisibles du traumatisme inspirées par la triple catastrophe de Tohoku en 2011 (séisme, tsunami, Fukushima). Structurée en fragments numérotés autour d’une imprimante centrale – symbole de mélange et de contagion –, l’œuvre entrelace des scènes de bureau anxiogènes (impressions mélangées, formations sur le stress, annulations d’événements), des dîners maladroits au restaurant, des monologues introspectifs et des souvenirs olfactifs obsédants, notamment l’odeur du vin rouge associée à la mère du personnage féminin « ELLE » lors du séisme, écho traumatique qui imprègne les corps et les espaces partagés. <br/>
610 ## - Mot-clé
Mot-clé Japon
-- couple
700 ## - Auteur principal
Nom Kasahara
Prénom Shiho
105 ## - Zone de données codées : textes, monographies
Données codées sur les monographies textuelles ||||z 00|||
181 #0 - Zone de données codées : Forme de la ressource
Données de liaison entre champs 01
Forme du contenu selon l’ISBD sous forme codée i
Qualificatif(s) du contenu selon l’ISBD sous forme codée xxxe
181 ## - Zone de données codées : Forme de la ressource
Données de liaison entre champs 02
Autre référentiel utilisé pour coder la forme du contenu texte
Code du référentiel rdacontent
182 #0 - Zone de données codées : type de média
Données de liaison entre champs 01
Type de médiation selon l’ISBD sous forme codée sans média
182 ## - Zone de données codées : type de média
Données de liaison entre champs 02
Autre référentiel utilisé pour coder le type de médiation sans média
Code du référentiel rdamedia
215 ## - Description physique
Dimensions 18 cm
801 #0 - Origine de la notice
Pays FR
Agence de catalogage FR-751131015
Date de la transaction 20260313
Règles de catalogage utilisées AFNOR
Identifiant d'origine FRBNF487290240000008
Code du format utilisé intermrc
000 -Etiquette de la notice
Leader 01661nam a2200313 4500
003 - Identifiant de la notice
Identifiant http://catalogue.bnf.fr/ark:/12148/cb48729024c
005 - Identifiant de la version
Identifiant 20260401184644.0
073 #0 - EAN
Numéro normalisé 9782493307163
Holdings
Exclu du prêt Date de création Site actuel Code barre Date prix de remplacement Cote Statut Site de rattachement Type de document Koha
  01.04.2026 Théâtre Joliette JOL-007766 01.04.2026 TH KAS 2   Théâtre Joliette Livre